000
00247nam a2200097Ia 4500
008
190216s9999||||xx |||||||||||||| ||und||
100
_a
Shankaran Kutty Nair
245
0
_a
Chainayude Chainayude Charithram
260
_b
Kerala Basha Inst
942
_c
BK
999
_c
39167
_d
39167